Who Recorded These Albums? - Statistics

General Stats
  • This quiz has been taken 60 times
  • The average score is 9 of 15
Answer Stats
Hint Answer % Correct
Sgt. Pepper's, Abbey Road, Let It Be The Beatles
100%
Imagine, Walls & Bridges, Double Fantasy John Lennon
91%
Bleach, Nevermind, In Utero Nirvana
82%
Exile on Main St., Some Girls, Tattoo You The Rolling Stones
79%
Tommy, Quadrophenia, Face Dances The Who
79%
Penguin, Rumours, Tusk Fleetwood Mac
67%
Dookie, Warning, Revolution Radio Green Day
67%
Band on the Run, Venus and Mars, London Town Paul McCartney
67%
Ten, Vs., Vitalogy Pearl Jam
49%
Jagged Little Pill, Under Rug Swept, Havoc and Bright Lights Alanis Morissette
46%
On the Border, One of These Nights, The Long Run Eagles
42%
Dude Ranch, Enema of the State, Neighborhoods Blink-182
30%
Evolution, Escape, Frontiers Journey
28%
Hi Infidelity, Good Trouble, Wheels Are Turnin' REO Speedwagon
28%
The Grand Illusion, Cornerstone, Pieces of Eight Styx
23%
No matching quizzes found
Score Distribution
Percent of People with Each Score
Percentile by Number Answered
Your Score History
You have not taken this quiz